000 00483nam a2200169 i 4500
001 68197
003 ES-MaACL
005 20230906170225.0
007 t|
008 040611s1971 sp ||||1| spa d
100 1 _aGarci, José Luis.
_953988
245 1 0 _aRay Bradbury, humanista del futuro /
_cJosé Luis Garci.
260 _a[Madrid] :
_bHelios,
_c[1971]
300 _a382 p., 5 p. de lám. ;
_c20 cm.
600 0 4 _aBradbury, Ray.
_931249
852 _aES-MaACL
_jC-39254
_bR.78490
999 _c68197
_d68197